LEADER 02860nam0 2200349 450 001 000031955 005 20180830163942.0 010 $a9781118668245 014 $aDOI: 10.1029/AR074 100 $a20180830d19982013km-y0itay50------ba 101 0 $aeng 102 $aUS 105 $ay-------001yy 200 1 $aAntarctic Sea Ice$ePhysical Processes, Interactions and Variability$geditor Martin O. Jeffries$brisorsa elettronica 210 $aWashington, D.C.$cAmerican Geophysical Union$d1998$d2013 215 $a408 p.$cill. 225 2 $aAntarctic Research Series 230 $aDati testuali (1 file: 37,2 Mb) 300 $aModalitą di accesso: World Wide Web 300 $aConsultazione online 330 $aIn a 1971 Scientific Committee on Antarctic Research report that reviewed polar contrasts in sea ice, Lyn Lewis and Willy Weeks made the following observation: "People who study sea ice in the Arctic Basin are commonly asked if they have ever studied ice in Antarctica, and they answer 'why bother, it's the same old stuff." Noting this was "fortunately true to a considerable extent," they added "It is clear that future work will depend critically on the logistics facilities available to allow surface observations beyond the fast ice edge at all seasons of the year. Of almost equal importance will be the development of instruments and recording equipment suited for use in the polar environment" (Lewis, E. L., and W. F. Weeks, Sea Ice: Some Polar Contrasts, in, Antarctic Ice and Water Masses, edited by G. Deacon, Scientific Committee on Antarctic Research, Cambridge, 23-34, 1971). Lewis and Weeks made no specific mention of Earth-orbiting satellites, on which the first passive microwave sensor became operational in December 1972. Less than a year later the giant Weddell Polynya was observed for the first time. Perhaps more than any other development, this unexpected feature illustrated the potential to greatly expand our knowledge of sea ice through the application of spaceborne remote sensing. Simultaneously, it acted as a catalyst for a significant increase in the level of research. 410 0$12001$aAntarctic Research Series 500 10$aAntarctic Sea Ice : Physical Processes, Interactions and Variability$91511220 610 1 $aOceanografia biologica$aRegioni polari 610 1 $aTerre polari 676 $a919.8$v23$9Geografia di altre aree e altri mondi. Isole artiche e Antartide 701 1$aJeffries,$bMartin O.$0751752 801 0$aIT$bUNIPARTHENOPE$c20180830$gRICA$2UNIMARC 856 4 $uhttps://agupubs.onlinelibrary.wiley.com/doi/book/10.1029/AR074$zAccesso limitato alla rete di Ateneo Universitą di Napoli "Parthenope"$edata ultima consultazione: 30/08/2018 912 $a000031955 996 $aAntarctic Sea Ice : Physical Processes, Interactions and Variability$91511220 997 $aUNIPARTHENOPE LEADER 01808ngm 2200421 a 450 001 9910699149203321 005 20091030120306.0 035 $a(CKB)5470000002400404 035 $a(OCoLC)461300024 035 $a(EXLCZ)995470000002400404 100 $a20091030d200u ma v 101 0 $aeng 135 $aurmna|||m|||| 181 $ctdi$2rdacontent 182 $cc$2rdamedia 183 $acr$2rdacarrier 200 00$aPublic service announcement no. 1 from NIHSeniorHealth.gov$b[electronic resource] $ea public service announcement from NIHSeniorHealth 210 1$a[Bethesda, Md.] :$cNational Institutes of Health,$d[between 2000 and 2009?] 215 $a1 streaming video file (30 sec.) $cdigital, SWF file, sound, color 300 $aTitle from title frame. 300 $aAccompanied by transcript in HTML format. 330 $aIntroduces the NIHSeniorHealth.gov web site, a user-friendly product of the National Institutes of Health for senior citizens to learn about health and medical issues related to their age group. 517 $aPublic service announcement no. 1 from NIHSeniorHealth.gov 606 $aOlder people$xHealth and hygiene$xElectronic information resources$vPopular works 606 $aWeb sites for older people$vPopular works 606 $aGovernment Web sites$vPopular works 608 $aDocumentary films.$2lcgft 608 $aStreaming videos.$2lcgft 615 0$aOlder people$xHealth and hygiene$xElectronic information resources 615 0$aWeb sites for older people 615 0$aGovernment Web sites 712 02$aNational Institutes of Health (U.S.) 801 0$bGPO 801 1$bGPO 906 $aBOOK 912 $a9910699149203321 996 $aPublic service announcement no. 1 from NIHSeniorHealth.gov$93544354 997 $aUNINA LEADER 01180nam 2200397 450 001 9910793401303321 005 20200827104420.0 010 $a88-921795-1-9 010 $a88-921-7951-9 035 $a(CKB)4100000007141265 035 $a(MiAaPQ)EBC5570720 035 $a(EXLCZ)994100000007141265 100 $a20181222d2018 uy 0 101 0 $aita 135 $aurcnu|||||||| 181 $ctxt$2rdacontent 182 $cc$2rdamedia 183 $acr$2rdacarrier 200 12$aL'amministratore di condominio $eresponsabilita? amministrativa, civile e penale /$fSilvio M. Druetto, Roberto Longhin, Enrico More 210 1$aTorino :$cG. Giappichelli Editore,$d[2018] 210 4$d©2018 215 $a1 online resource (ix, 207 pages) 311 $a88-7524-408-1 606 $aCondominium associations 615 0$aCondominium associations. 676 $a333.338 700 $aDruetto$b Silvio M.$0760213 702 $aLonghin$b Roberto 702 $aMore$b Enrico 801 0$bMiAaPQ 801 1$bMiAaPQ 801 2$bMiAaPQ 906 $aBOOK 912 $a9910793401303321 996 $aL'amministratore di condominio$93780380 997 $aUNINA